000 01494nam a2200445 i 4500
001 44358
003 KOSZ 005
005 20221130084417.0
008 040629s2001 pl f f |000 0 pol
020 _a8385428445
040 _cKOSZ 005
_aKOSZ 005
_dKOSZ 005/HR
041 0 _apol
046 _k2001
080 _a004.891
080 _a004
080 _a(07)
100 1 _aKisielnicki, Jerzy
_d(1939- )
_eAutor
245 1 0 _aSystemy informacyjne biznesu :
_binformatyka dla zarządzania /
_cJerzy Kisielnicki, Henryk Sroka.
250 _aWyd. 2.
260 _aWarszawa :
_b"Placet",
_c2001.
300 _a320 s. :
_bil. ;
_c24 cm.
336 _2rdacontent
_aTekst
_btxt
337 _2rdamedia
_aBez urządzenia pośredniczącego
_bn
338 _2rdacarrier
_aWolumin
_bnc
380 _aKsiążki
388 _a2001-
490 1 _aBiblioteka Biznesmena
500 _aNa okł. podtyt.: metody projektowania i wdrażania systemów.
504 _aBibliogr. - Indeks.
650 9 _aSystemy ekspertowe
650 9 _aSystemy informatyczne zarządzania
655 _aPodręcznik
658 _aInformatyka i technologie informacyjne
658 _aZarządzanie i marketing
700 1 _aSroka, Henryk
_d(1939-2015)
_eAutor
710 2 _aWydawnictwo Placet
_4pbl.
830 0 _aBiblioteka Biznesmena
856 _uhttp://koha.tu.koszalin.pl/cgi-bin/koha/opac-detail.pl?biblionumber=44538
_yKatalog online BPK
942 _cKS
_2UKD
999 _c44538
_d44538